| 000 | 00881pam a2200265 a 4500 | ||
|---|---|---|---|
| 001 | 4413811 | ||
| 005 | 20250322105131.0 | ||
| 008 | 930430s1994 nyua b 001 0 eng | ||
| 020 | _a0070549222 (alk. paper) | ||
| 020 | _a9780070549227 | ||
| 050 | 0 | 0 |
_aLB1775 _b.S24 1994 |
| 082 | 0 | 0 |
_a371.1/02 _220 |
| 100 | 1 | _aSadker, Myra. | |
| 245 | 1 | 0 |
_aTeachers, schools, and society / _cMyra Pollack Sadker, David Miller Sadker. |
| 250 | _a3rd ed. | ||
| 260 |
_aNew York : _bMcGraw-Hill, _cc1994. |
||
| 300 |
_a1 v. (various pagings) : _bill. (some col.) ; _c27 cm. |
||
| 650 | 0 | _aTeaching. | |
| 650 | 0 |
_aEducation _zUnited States _xHistory. |
|
| 650 | 0 |
_aEducational sociology _zUnited States. |
|
| 650 | 0 |
_aEducation _xStudy and teaching _zUnited States. |
|
| 650 | 0 |
_aTeachers _xTraining of _zUnited States. |
|
| 700 | 1 |
_aSadker, David Miller, _d1942- |
|
| 942 |
_2lcc _cBK _e3rd Ed. _n0 |
||
| 999 |
_c5068 _d5068 |
||